Elementi delle costruzione (Record no. 61406)

MARC details
000 -LEADER
campo de control de longitud fija 00480nam a2200157 i 4500
001 - NÚMERO DE CONTROL
campo de control 61406
003 - IDENTIFICADOR DE NÚMERO DE CONTROL
campo de control ES-MaACL
007 - CAMPO FIJO DE DESCRIPCIÓN FÍSICA--INFORMACIÓN GENERAL
campo de control de longitud fija t|
008 - DATOS DE LONGITUD FIJA--INFORMACIÓN GENERAL
campo de control de longitud fija 031112s1945 it ||||1| ita d
100 1# - ENTRADA PRINCIPAL--NOMBRE DE PERSONA
Nombre de persona Fabbrichesi, Renato.
9 (RLIN) 48497
245 10 - MENCIÓN DEL TÍTULO
Título Elementi delle costruzione
Resto del título : (civile ed industriali) /
Mención de responsabilidad, etc. Renato Fabbrichesi.
250 ## - MENCION DE EDICION
Mención de edición 3ª ed.
260 ## - PUBLICACIÓN, DISTRIBUCIÓN, ETC.
Lugar de publicación, distribución, etc. Padova :
Nombre del editor, distribuidor, etc. R. Zannoni,
Fecha de publicación, distribución, etc. 1945 (
Fabricante Stidio S.A.)
300 ## - DESCRIPCIÓN FÍSICA
Extensión 376 p., XXXVIII, lám. ;
Dimensiones 26 cm.
852 ## - LOCALIZACIÓN
Ubicación ES-MaACL
Número de control de estantería E-2321
Sublocalización o colección R.24046
Holdings
Estatus retirado Estado de pérdida Estado de daño No para préstamo Biblioteca de origen Biblioteca actual Ubicación en estantería Fecha de adquisición Fuente de adquisición Total de préstamos Signatura topográfica completa Código de barras Visto por última vez Precio de reemplazo Tipo de ítem Koha
        Biblioteca del Ateneo de Madrid Biblioteca del Ateneo de Madrid Depósito 2 17/01/2008     E-2321 1064389 23/02/2023 23/02/2023 Libro impreso